000 00588nam a2200205Ia 4500
005 20250508165158.0
008 008 250505s9999 xx 000 0 eng d
037 _aTextual
040 _aFEDL
_beng
_cFEDL
041 _aeng
_2eng
084 _a001.6424, ERD
_qFEDL
100 _aErdos Dawn
_9780072
245 0 _aTeach yourself: Corel DRAW! 6: A windows 95 application
260 _aNew Delhi, India
_bBusiness Promotion Bureau
_c1996
300 _a320 p.
365 _aINR
_b135
546 _aMACESE
942 _cTEXL
_h001.6424, ERD
999 _c1393610
_d1393610